000 00765nam a2200217Ia 4500
003 GCL
005 20240530102627.0
008 140319s9999 xx 000 0 ara d
040 _aGCL /
_cGCL
082 0 4 _a811.4
_bا د
100 1 _aمحمد عبده عزام
245 1 0 _aديوان ابى تمام : بشرح الخطيب التبريزى /
_cمحمد عبده عزام
260 _aالقاهرة :
_bدار المعارف ،
_c1983
300 _aمتعدد الصفحات
490 _aذخائر العرب
_v5
650 0 4 _aالشعر العربى
650 0 4 _aدواوين وقصائد
650 0 4 _aديوان ابى تمام
700 1 _aابوتمام : حبيب بن اوس بن الحارث بن قيس الطائى
942 _2ddc
_cBK
999 _c33542
_d33542